| 000 | 01053cab a2200253 4500 | ||
|---|---|---|---|
| 001 | ABS56605 | ||
| 008 | 090401t1997 xxu||||| |||| 00| 0 eng d | ||
| 035 | _a(Sirsi) u24806 | ||
| 041 | _aeng | ||
| 100 | _aMurphy, G. | ||
| 245 | _aTenant`s right to buy will be enforced by criminal law | ||
| 260 | _c1997 | ||
| 350 | _a0 | ||
| 490 |
_aCSM (Chartered Surveyor Monthly) _vFebruary 1997, 26-27(2) |
||
| 520 | _aAlthough the Housing Act 1996 imposes criminal liabilities on landlords for not offering tenants the right of first refusal, it also allows for the sale of property by public auction. The author discusses the practical implications of selling a property by auction and outlines the procedure for notifying tenants. | ||
| 650 | _aHOUSING ACT 1996 | ||
| 650 | _aLANDLORD AND TENANT ACT 1987 | ||
| 650 |
_aAuctioneering _96218 |
||
| 650 | _aRIGHT OF FIRST REFUSAL | ||
| 650 | _aSALE OF PROPERTY | ||
| 690 | _aPROPERTY-RESIDENTIAL PROPERTY-RESIDENTIAL LANDLORD AND TENANT-RESIDENTIAL TENANCIES | ||
| 942 | _n0 | ||
| 948 | _c04/03/1997 | ||
| 999 |
_c16642 _d16642 |
||